| 000 | 01822nam a2200541 i 4500 | ||
|---|---|---|---|
| 001 | 523 | ||
| 003 | KOSZ 005 | ||
| 005 | 20200527084858.0 | ||
| 008 | 020711s1977 pl a |001 0 pol | ||
| 015 | _aUWD 1977/9416 | ||
| 035 | _a991018588829705066 | ||
| 035 | _a(PL-WaBN)b15039171-48omnis_nlop | ||
| 035 | _ab15039171 | ||
| 035 | _a(OCoLC)316534965 | ||
| 035 | _a(PL)b0000001503917 | ||
| 035 | _a(EXLNZ-48OMNIS_NETWORK)9910023932305606 | ||
| 040 |
_aWA N _cWA N _dKOSZ 005/AR |
||
| 041 | 1 |
_apol _hger |
|
| 044 | _apl | ||
| 046 | _k1977 | ||
| 080 | _a69 | ||
| 080 | _a725 | ||
| 080 | _a725.1:796 | ||
| 080 | _a797.2 | ||
| 100 | 1 |
_aKappler, Hans Peter _eAutor |
|
| 245 | 1 | 0 |
_aBaseny kąpielowe / _cHans Peter Kappler ; tłumaczenie [z niemieckiego] Grzegorz Gottschalk ; przedmowę do wydania polskiego napisał R. Wirszyłło. |
| 246 | 1 |
_iTytuł oryginału : _aPrivate Schwimmbad |
|
| 260 |
_aWarszawa : _b"Arkady", _c1977. |
||
| 300 |
_a232 strony : _bilustracje ; _c31 cm. |
||
| 336 |
_aTekst _btxt _2rdacontent |
||
| 337 |
_aBez urządzenia pośredniczącego _bn _2rdamedia |
||
| 338 |
_aWolumin _bnc _2rdacarrier |
||
| 380 | _aKsiążki | ||
| 380 | _aPublikacje fachowe | ||
| 380 | _aPublikacje naukowe | ||
| 388 | _a1901-2000 | ||
| 388 | _a1945-1989 | ||
| 504 | _aBibliografia na stronie 228. Indeks. | ||
| 650 | 7 |
_aBaseny pływackie _2DBN |
|
| 650 | 7 |
_aObiekty i urządzenia sportowe _2DBN |
|
| 658 | _aInżynieria i technika | ||
| 700 | 1 |
_aWirszyłło, Romuald _d(1906-1980) _ePrzedmowa |
|
| 700 | 1 |
_aGottschalk, Grzegorz _eTłumaczenie |
|
| 710 | 2 |
_aWydawnictwo Arkady _4pbl |
|
| 856 |
_uhttp://koha.tu.koszalin.pl/cgi-bin/koha/opac-detail.pl?biblionumber=523 _yKatalog online BPK |
||
| 942 |
_2UKD _cKS |
||
| 999 |
_c523 _d523 |
||